000 00694nam a2200229Ia 4500
003 OSt
005 20220918225338.0
006 a|||||r|||| 00| 0
007 ta
008 220917b |||||||| |||| 00| 0 eng d
024 _a240,125
037 _cTextual
040 _aARTS
_cARTS
_beng
041 _2eng
_aeng
082 _aW87, K91
100 _aWalter Eugene Victor
_9150250
245 0 _aTerror and resistance
_b study of political violence with case studies of some primitive African communities
260 _aLondon
_bOxford University Press
_c1969
650 _aPOLITICAL SCIENCE
942 _hW87, K91
_cTEXL
_2CC
999 _c284395
_d284395